Romano Prodi: Slovensko je v srdci Európy, je na vás, aby ste sa rozhodli

Úlohy, ktoré čakajú Slovensko v ďalšom období v prístupovom procese do EÚ. Rokovania začnú v piatich najľahších kapitolách so všetkými novými kandidátmi. K diferenciácii medzi uchádzačmi dôjde v neskoršom období. Rozdielna dĺžka rokovaní medzi jednotlivými kandidátmi na vstup do únie. Miesto Slovens...

Descrizione completa

Salvato in:
Dettagli Bibliografici
Autore principale: Hajšel, Robert
Altri autori: Prodi, Romano
Natura: Capitolo di libro
Lingua:slovacco
Soggetti:
Tags: Aggiungi Tag
Nessun Tag, puoi essere il primo ad aggiungerne!!

MARC

LEADER 00000naa a2200000 4500
001 r037143
005 20230921105501.1
041 0 |a slo 
044 |a SK 
245 1 0 |a Romano Prodi: Slovensko je v srdci Európy, je na vás, aby ste sa rozhodli  |c Robert Hajšel 
520 |a Úlohy, ktoré čakajú Slovensko v ďalšom období v prístupovom procese do EÚ. Rokovania začnú v piatich najľahších kapitolách so všetkými novými kandidátmi. K diferenciácii medzi uchádzačmi dôjde v neskoršom období. Rozdielna dĺžka rokovaní medzi jednotlivými kandidátmi na vstup do únie. Miesto Slovenska je v Európe. 
610 2 0 |a spolupráca hospodárska medzinárodná 
610 2 0 |a integrácia ekonomická medzinárodná 
610 2 0 |a Slovensko 
610 2 0 |a Európska únia 
100 1 |a Hajšel, Robert 
700 1 |a Prodi, Romano